[Event "African Online-ch U20-Open 2021"]
[Site "Online"]
[Date "2021.02.01"]
[Round "7.11"]
[White "Shah, Darshan Samir"]
[Black "Selogelo Othata"]
[Result "1-0"]
[WhiteElo "1502"]
[BlackElo "1725"]
[Annotator "NA RC"]
[PlyCount "77"]
[EventDate "2021.02.01"]
[EventType "swiss"]
[EventCountry "NET"]
[SourceTitle "playchess.com"]
[Source "ChessBase"]
[SourceQuality "1"]
[TimeControl "1500+10"]

1. Nf3 {[%emt 0:00:00]} Nf6 {[%emt 0:00:04]} 2. d4 {[%emt 0:00:08]} g6 {[%emt 0:00:03]} 3. c4 {[%emt 0:00:05]} Bg7 {[%emt 0:00:02]} 4. Nc3 {[%emt 0:00:06]} O-O {[%emt 0:00:04]} 5. g3 {[%emt 0:00:11]} d6 {[%emt 0:00:14]} 6. Bg2 {[%emt 0:00:06]} c6 {[%emt 0:00:02]} 7. O-O {[%emt 0:00:07]} a6 {[%emt 0:00:03]} 8. e4 {[%emt 0:00:07]} Qc7 {[%emt 0:00:12]} 9. Bf4 {[%emt 0:00:23]} Nh5 {[%emt 0:00:11]} 10. Be3 {[%emt 0:00:10]} e5 {[%emt 0:00:07]} 11. dxe5 {[%emt 0:00:19]} dxe5 {[%emt 0:00:05]} 12. Bc5 {[%emt 0:01:55]} Rd8 {[%emt 0:00:13]} 13. Qb3 {[%emt 0:00:18]} Nd7 {[%emt 0:00:08]} 14. Be7 {[%emt 0:01:30]} Re8 {[%emt 0:00:04]} 15. Qa3 {[%emt 0:00:15]} Nb6 {[%emt 0:03:19]} 16. Bd6 {[%emt 0:00:45]} Qd7 {[%emt 0:00:10]} 17. b3 {[%emt 0:00:35]} Qe6 {[%emt 0:00:54]} 18. c5 {[%emt 0:00:36]} Nd7 {[%emt 0:00:12]} 19. Rad1 {[%emt 0:00:39]} h6 {[%emt 0:00:25]} 20. Qb2 {[%emt 0:00:59]} b6 {[%emt 0:04:40]} 21. cxb6 {[%emt 0:00:29]} Nxb6 {[%emt 0:00:09]} 22. Bc5 {[%emt 0:00:04]} Nd7 {[%emt 0:00:55]} 23. Rd6 {[%emt 0:00:40]} Qe7 {[%emt 0:00:10]} 24. Ba3 {[%emt 0:00:03]} c5 {[%emt 0:01:21]} 25. Rfd1 {[%emt 0:00:33]} Bf8 {[%emt 0:00:12]} 26. R6d3 {[%emt 0:00:50]} Qe6 {[%emt 0:01:23]} 27. Nd5 {[%emt 0:00:38]} Qc6 {[%emt 0:01:24]} 28. Qc1 {[%emt 0:01:17]} Nhf6 {[%emt 0:02:40]} 29. Nxf6+ {[%emt 0:01:27]} Nxf6 {[%emt 0:00:08]} 30. Bb2 {[%emt 0:01:09]} Qc7 {[%emt 0:03:22]} 31. Bxe5 {[%emt 0:01:25]} Rxe5 {[%emt 0:00:05]} 32. Nxe5 {[%emt 0:00:03]} Qxe5 {[%emt 0:00:09]} 33. f4 {[%emt 0:00:02]} Qh5 {[%emt 0:00:07]} 34. e5 {[%emt 0:00:07]} Ng4 {[%emt 0:00:05]} 35. h3 {[%emt 0:00:27]} c4 {[%emt 0:01:09]} 36. Rd8 {[%emt 0:00:33]} Rb8 {[%emt 0:01:26]} 37. Qa3 {[%emt 0:00:25]} Be6 {[%emt 0:01:44]} 38. Qxf8+ {[%emt 0:00:06]} Kh7 {[%emt 0:00:07]} 39. Qg8# {[%emt 0:00:02]} 1-0

[Event "African Online-ch U20-Open 2021"]
[Site "Online"]
[Date "2021.02.01"]
[Round "7.12"]
[White "Machinya Desire"]
[Black "Spink, Benjamin M"]
[Result "0-1"]
[WhiteElo "1638"]
[BlackElo "2110"]
[Annotator "TA"]
[PlyCount "142"]
[EventDate "2021.02.01"]
[EventType "swiss"]
[EventCountry "NET"]
[SourceTitle "playchess.com"]
[Source "ChessBase"]
[SourceQuality "1"]

{[%evp 18,142,-20,-20,-28,-48,-32,-41,0,-64,-66,-99,-56,-93,-93,-106,-54,-56,-59,-100,-112,-122,-120,-152,-95,-162,-162,-214,-213,-216,-220,-245,-198,-245,-245,-232,-240,-329,-329,-320,-320,-333,-333,-327,-325,-338,-327,-324,-345,-338,228,196,228,179,259,189,216,0,253,220,845,840,833,321,277,204,204,204,219,219,567,0,0,0,0,0,0,0,0,0,0,-686,0,-1404,-840,-781,-264,-264,-264,-264,-264,-577,-264,-780,-749,-929,-929,-922,-914,-893,-912,-909,-935,-929,-914,-914,-853,-853,-811,-7857,-7344,-29981,-5177,-29978,-1818,-29982,-29983,-29983,-29984,-29984,-29985,-29985,-7599,-29988,-29989,-29989,-29990]} 1. e4 c5 2. Nf3 Nc6 3. d3 g6 4. g3 Bg7 5. Bg2 d6 6. Nbd2 e6 7. O-O Nge7 8. Re1 O-O 9. Nf1 Rb8 10. h4 h6 {[#] A04: Unusual lines after 1 Nf3 and King's Indian Attack.} 11. Qe2 $146 ({Predecessor:} 11. a4 a6 12. c3 e5 13. h5 Be6 14. Bd2 Qd7 15. N3h2 Kh7 16. Ne3 Ng8 17. Nd5 Nf6 18. Nxf6+ Bxf6 {½-½ (64) Mezentsev,V (2376)-Ehlvest,J (2627) San Francisco 2000}) 11... f5 12. c3 b5 {[%cal Bb7b5,Bb5b4,Bb4b3][%mdl 32] Black is slightly better.} 13. N1h2 (13. exf5 $11 Nxf5 14. a3) 13... b4 $15 14. c4 b3 15. a3 a5 16. Be3 a4 (16... e5 $1 $17 17. exf5 Nxf5) 17. Qd2 Kh7 18. Rad1 e5 19. Rf1 Qc7 20. Qe2 Nd8 ({Better is} 20... f4 21. Bd2 Be6) 21. Ne1 (21. h5 $17) 21... f4 $19 22. Bc1 (22. Bd2 {is a better defense.}) 22... Nec6 23. Nef3 Ne6 24. Qe1 Ncd4 25. Nxd4 Nxd4 26. Nf3 Nc2 27. Qd2 Bg4 28. Nh2 Bxd1 29. Qxd1 fxg3 30. fxg3 Rxf1+ 31. Nxf1 Qf7 32. Qd2 h5 33. Nh2 Bh6 $4 {[%mdl 8192]} 34. Qxh6+ $18 Kg8 {intending ...Nxa3.} 35. Qd2 Qb7 (35... Nd4 $142 36. Qd1 Rf8) 36. Qg5 Qg7 {If Black can now play ...Nxa3 this consolidates a bit.} 37. Qd2 Qb7 $1 38. Bh3 Nxa3 $2 (38... Qf7 39. Qg2 Nd4) 39. Be6+ $1 (39. bxa3 b2 $11) 39... Kh8 40. Bd5 $2 (40. Qg5 Nc2 $16) (40. bxa3 Qg7 41. Bd5) 40... Nb1 41. Qf2 (41. Bxb7 $2 {perishes.} Nxd2 42. Bc6 (42. Bxd2 $2 a3 $19) 42... a3 $1 $19) 41... Qg7 42. Bg5 {Black must now prevent Bf6!} Kh7 {And now ...a3 would win.} 43. Qe1 $1 {[%cal Re1b1]} Na3 (43... a3 44. Qxb1 a2) 44. Bc1 $2 ({White must play} 44. bxa3 $18 b2 45. Qb1) 44... Nc2 $11 45. Qd2 Nb4 (45... a3 {is more complex.} 46. Nf3 a2 47. Ng5+ Kh8 48. Nf7+ Kg8) 46. Nf3 Nxd5 47. cxd5 Kg8 48. Ng5 Qb7 {Threatens to win with ...a3!} 49. Qa5 $2 {[%mdl 8192] White is now going downhill.} (49. Qf2 $11 Rf8 50. Qe2) 49... Qb4 $2 (49... a3 $1 $19 {[%cal Ra3a2]} 50. bxa3 (50. Qxa3 $2 Ra8 $19) 50... b2 51. Bxb2 Qxb2) 50. Qxb4 $4 {[%mdl 8192]} (50. Qa7 $11 Qe1+ 51. Kh2 Qe2+ 52. Kg1 Qd1+ 53. Kh2 Qe2+ 54. Kh3 Qg4+ 55. Kh2 Qe2+ {[%mdl 64] Double Attack}) 50... Rxb4 51. Nf3 a3 $2 (51... c4 52. Bd2 a3 $1 {[%mdl 512]} 53. Bxb4 a2) 52. bxa3 $19 {[#]} b2 $1 53. Bxb2 Rxb2 {[%mdl 4096] Endgame KR-KN} 54. a4 $2 (54. Kf1 {was the crucial defense.}) 54... Ra2 (54... Rb3 $142 55. Ne1 Ra3) 55. a5 $2 (55. Kf1) 55... Rxa5 56. Kf2 Ra2+ 57. Kf1 Kg7 58. Ne1 Rd2 59. Kg1 Kf6 60. Kf1 Ke7 61. Kg1 Kd7 62. Kf1 Kc7 63. Nf3 Rxd3 64. Ke2 {[#]} Ra3 (64... Rxf3 $142 $1 65. Kxf3 c4 66. Kf2 Kb6 67. g4 hxg4 68. Kg3 c3 69. Kxg4 Kc7 70. Kg5 c2 71. Kxg6 c1=Q 72. h5 Qf4 73. h6 Qxe4+ 74. Kg7 Qg4+ 75. Kf8 Kd7 76. h7 Qf5+ 77. Kg7 Ke7 78. h8=Q Qg5+ 79. Kh7 Kf7 80. Qe8+ Kxe8 81. Kh8 Kf7 82. Kh7 Qh5#) 65. Kf2 {[#]} Kb6 (65... Rxf3+ $142 $1 66. Kxf3 Kb6 67. g4 Kb5 68. Kg2 c4 69. gxh5 gxh5 70. Kf3 c3 71. Ke3 Kb4 72. Ke2 Kb3 73. Kd1 Kb2 74. Ke2 c2 75. Kf2 c1=Q 76. Kg2 Qd2+ 77. Kg1 Kc2 78. Kh1 Kd3 79. Kg1 Kxe4 80. Kf1 Kf3 81. Kg1 Qg2#) 66. Nd2 Ra2 67. Ke3 {[#]} Rxd2 $1 68. Kxd2 c4 69. Kc2 Kb5 {( -> ...Kb4)} 70. Kb2 Kb4 71. Kc2 {[#]} c3 $1 {Weighted Error Value: White=0.90/Black=0.65} 0-1

[Event "African Online-ch U20-Open 2021"]
[Site "Online"]
[Date "2021.02.01"]
[Round "7.13"]
[White "Palmer, Reegan"]
[Black "Mena, Martin"]
[Result "0-1"]
[WhiteElo "1325"]
[BlackElo "1776"]
[Annotator "NA RC"]
[PlyCount "40"]
[EventDate "2021.02.01"]
[EventType "swiss"]
[EventCountry "NET"]
[SourceTitle "playchess.com"]
[Source "ChessBase"]
[SourceQuality "1"]
[TimeControl "1500+10"]

1. e4 {[%emt 0:00:00]} c5 {[%emt 0:00:10]} 2. c4 {[%emt 0:00:05]} Nc6 {[%emt 0:00:34]} 3. Nc3 {[%emt 0:00:13]} g6 {[%emt 0:00:14]} 4. g3 {[%emt 0:00:07]} Bg7 {[%emt 0:00:05]} 5. Bg2 {[%emt 0:00:03]} e6 {[%emt 0:01:08]} 6. Nge2 {[%emt 0:00:07]} Nge7 {[%emt 0:00:06]} 7. d3 {[%emt 0:00:03]} O-O {[%emt 0:00:20]} 8. O-O {[%emt 0:00:08]} a6 {[%emt 0:00:19]} 9. Be3 {[%emt 0:00:32]} Nd4 {[%emt 0:00:38]} 10. f4 {[%emt 0:00:18]} Rb8 {[%emt 0:00:23]} 11. e5 {[%emt 0:02:31]} Nef5 {[%emt 0:04:48]} 12. Bxd4 {[%emt 0:00:13]} cxd4 {[%emt 0:00:10]} 13. Ne4 {[%emt 0:00:01]} d5 {[%emt 0:01:03]} 14. exd6 {[%emt 0:01:02]} Ne3 {[%emt 0:00:12]} 15. Qb3 {[%emt 0:01:08]} Nxf1 {[%emt 0:00:15]} 16. Rxf1 {[%emt 0:01:22]} f5 {[%emt 0:00:12]} 17. d7 {[%emt 0:00:34]} Qxd7 {[%emt 0:00:17]} 18. Nc5 {[%emt 0:00:10]} Qd6 {[%emt 0:00:04]} 19. Na4 {[%emt 0:00:20]} b5 {[%emt 0:00:10]} 20. c5 {[%emt 0:00:27]} bxa4 {[%emt 0:00:32]} 0-1

[Event "African Online-ch U20-Open 2021"]
[Site "Online"]
[Date "2021.02.01"]
[Round "7.14"]
[White "Potgieter, Edward"]
[Black "George Samir, David"]
[Result "0-1"]
[WhiteElo "1229"]
[BlackElo "1775"]
[Annotator "NA RC"]
[PlyCount "132"]
[EventDate "2021.02.01"]
[EventType "swiss"]
[EventCountry "NET"]
[SourceTitle "playchess.com"]
[Source "ChessBase"]
[SourceQuality "1"]
[TimeControl "1500+10"]

1. e4 {[%emt 0:00:00]} c5 {[%emt 0:00:03]} 2. Nf3 {[%emt 0:00:03]} d6 {[%emt 0:00:03]} 3. d4 {[%emt 0:00:02]} cxd4 {[%emt 0:00:02]} 4. Nxd4 {[%emt 0:00:02]} Nf6 {[%emt 0:00:02]} 5. Nc3 {[%emt 0:00:03]} Nc6 {[%emt 0:00:03]} 6. Be3 {[%emt 0:00:02]} Ng4 {[%emt 0:00:03]} 7. Bb5 {[%emt 0:04:14]} Nxe3 {[%emt 0:00:29]} 8. fxe3 {[%emt 0:00:04]} Bd7 {[%emt 0:00:10]} 9. O-O {[%emt 0:00:57]} e6 {[%emt 0:00:32]} 10. Qf3 {[%emt 0:01:25]} Ne5 {[%emt 0:00:34]} 11. Bxd7+ {[%emt 0:01:50]} Qxd7 {[%emt 0:00:06]} 12. Qe2 {[%emt 0:00:22]} Be7 {[%emt 0:00:14]} 13. Nf3 {[%emt 0:01:05]} Bf6 {[%emt 0:00:12]} 14. Nxe5 {[%emt 0:03:44]} Bxe5 {[%emt 0:00:04]} 15. Rab1 {[%emt 0:00:32]} O-O {[%emt 0:00:08]} 16. Rfd1 {[%emt 0:00:31]} a6 {[%emt 0:00:09]} 17. Rd3 {[%emt 0:01:06]} Qc7 {[%emt 0:00:15]} 18. g3 {[%emt 0:01:19]} Rac8 {[%emt 0:00:06]} 19. Qd2 {[%emt 0:01:41]} b5 {[%emt 0:00:10]} 20. a3 {[%emt 0:00:33]} Qb6 {[%emt 0:00:30]} 21. Ne2 {[%emt 0:01:14]} Qc6 {[%emt 0:00:18]} 22. Nc3 {[%emt 0:02:28]} Qc5 {[%emt 0:00:21]} 23. Rd1 {[%emt 0:01:22]} b4 {[%emt 0:00:25]} 24. axb4 {[%emt 0:00:37]} Qxb4 {[%emt 0:00:04]} 25. Rb1 {[%emt 0:00:17]} Rb8 {[%emt 0:00:37]} 26. Qc1 {[%emt 0:01:47]} Rfc8 {[%emt 0:00:18]} 27. Ra1 {[%emt 0:00:52]} a5 {[%emt 0:00:23]} 28. Ra4 {[%emt 0:00:47]} Qxb2 {[%emt 0:00:46]} 29. Qxb2 {[%emt 0:00:08]} Rxb2 {[%emt 0:00:05]} 30. Rxa5 {[%emt 0:00:26]} h6 {[%emt 0:00:21]} 31. Nd1 {[%emt 0:00:20]} Rbxc2 {[%emt 0:00:10]} 32. Raa3 {[%emt 0:00:13]} Re2 {[%emt 0:00:15]} 33. Kf1 {[%emt 0:00:07]} Rxh2 {[%emt 0:00:09]} 34. Kg1 {[%emt 0:00:03]} Rcc2 {[%emt 0:00:04]} 35. Ra8+ {[%emt 0:00:08]} Kh7 {[%emt 0:00:05]} 36. Nf2 {[%emt 0:00:05]} Rhxf2 {[%emt 0:00:10]} 37. Rd1 {[%emt 0:00:04]} Rg2+ {[%emt 0:00:06]} 38. Kf1 {[%emt 0:00:06]} Rcf2+ {[%emt 0:00:03]} 39. Ke1 {[%emt 0:00:01]} Bc3+ {[%emt 0:00:09]} 40. Rd2 {[%emt 0:00:05]} Bxd2+ {[%emt 0:00:02]} 41. Kd1 {[%emt 0:00:02]} Bxe3 {[%emt 0:00:03]} 42. Ke1 {[%emt 0:00:07]} d5 {[%emt 0:00:02]} 43. e5 {[%emt 0:00:11]} d4 {[%emt 0:00:05]} 44. g4 {[%emt 0:00:01]} d3 {[%emt 0:00:03]} 45. g5 {[%emt 0:00:03]} d2+ {[%emt 0:00:03]} 46. Kd1 {[%emt 0:00:06]} Rg1+ {[%emt 0:00:06]} 47. Kc2 {[%emt 0:00:02]} d1=Q+ {[%emt 0:00:05]} 48. Kc3 {[%emt 0:00:02]} Bxg5 {[%emt 0:00:05]} 49. Kb4 {[%emt 0:00:05]} Bf4 {[%emt 0:00:03]} 50. Kc5 {[%emt 0:00:06]} Qd5+ {[%emt 0:00:07]} 51. Kb4 {[%emt 0:00:03]} Qxa8 {[%emt 0:00:04]} 52. Kb3 {[%emt 0:00:01]} Bxe5 {[%emt 0:00:03]} 53. Kb4 {[%emt 0:00:02]} g5 {[%emt 0:00:04]} 54. Kb5 {[%emt 0:00:01]} g4 {[%emt 0:00:03]} 55. Kb4 {[%emt 0:00:02]} g3 {[%emt 0:00:03]} 56. Kb5 {[%emt 0:00:01]} g2 {[%emt 0:00:02]} 57. Kb4 {[%emt 0:00:01]} Rb1+ {[%emt 0:00:04]} 58. Kc5 {[%emt 0:00:02]} g1=Q {[%emt 0:00:06]} 59. Kc4 {[%emt 0:00:02]} Rc2+ {[%emt 0:00:05]} 60. Kd3 {[%emt 0:00:04]} Qd5+ {[%emt 0:00:03]} 61. Kxc2 {[%emt 0:00:03]} Qb3+ {[%emt 0:00:03]} 62. Kd2 {[%emt 0:00:02]} Bf4+ {[%emt 0:00:01]} 63. Ke2 {[%emt 0:00:02]} Qg4+ {[%emt 0:00:03]} 64. Kf2 {[%emt 0:00:02]} Rb2+ {[%emt 0:00:02]} 65. Kf1 {[%emt 0:00:04]} Qc4+ {[%emt 0:00:04]} 66. Ke1 {[%emt 0:00:02]} Bg3# {[%emt 0:00:09]} 0-1

[Event "African Online-ch U20-Open 2021"]
[Site "Online"]
[Date "2021.02.01"]
[Round "7.15"]
[White "Ofile Masilo"]
[Black "Darius Patlo Banda"]
[Result "1-0"]
[WhiteElo "1457"]
[BlackElo "1369"]
[Annotator "NA RC"]
[PlyCount "49"]
[EventDate "2021.02.01"]
[EventType "swiss"]
[EventCountry "NET"]
[SourceTitle "playchess.com"]
[Source "ChessBase"]
[SourceQuality "1"]
[TimeControl "1500+10"]

1. d4 {[%emt 0:00:00]} d5 {[%emt 0:00:05]} 2. c4 {[%emt 0:00:03]} Nc6 {[%emt 0:00:08]} 3. Nf3 {[%emt 0:00:11]} Nf6 {[%emt 0:00:07]} 4. cxd5 {[%emt 0:00:05]} Qxd5 {[%emt 0:00:14]} 5. Nc3 {[%emt 0:00:06]} Qd8 {[%emt 0:00:03]} 6. d5 {[%emt 0:00:18]} Nb4 {[%emt 0:01:03]} 7. Qa4+ {[%emt 0:00:28]} Nc6 {[%emt 0:00:23]} 8. dxc6 {[%emt 0:00:05]} bxc6 {[%emt 0:00:04]} 9. Qxc6+ {[%emt 0:00:32]} Bd7 {[%emt 0:00:04]} 10. Qc4 {[%emt 0:00:15]} e6 {[%emt 0:00:11]} 11. Bf4 {[%emt 0:00:17]} c6 {[%emt 0:00:09]} 12. Rd1 {[%emt 0:00:20]} Nd5 {[%emt 0:00:22]} 13. Bg3 {[%emt 0:00:44]} Bb4 {[%emt 0:00:33]} 14. e4 {[%emt 0:00:27]} Bxc3+ {[%emt 0:00:37]} 15. bxc3 {[%emt 0:00:17]} Nb6 {[%emt 0:00:04]} 16. Qb4 {[%emt 0:01:44]} a5 {[%emt 0:00:19]} 17. Qa3 {[%emt 0:00:36]} Qc8 {[%emt 0:00:52]} 18. Bh4 {[%emt 0:01:10]} f6 {[%emt 0:00:14]} 19. e5 {[%emt 0:00:25]} Nd5 {[%emt 0:00:22]} 20. exf6 {[%emt 0:00:28]} gxf6 {[%emt 0:00:06]} 21. Rxd5 {[%emt 0:00:46]} exd5 {[%emt 0:02:17]} 22. Bxf6 {[%emt 0:00:07]} c5 {[%emt 0:00:08]} 23. Bxh8 {[%emt 0:00:05]} Bg4 {[%emt 0:00:04]} 24. Qa4+ {[%emt 0:00:39]} Kf7 {[%emt 0:00:17]} 25. Ne5+ {[%emt 0:01:19]} 1-0

[Event "African Online-ch U20-Open 2021"]
[Site "Online"]
[Date "2021.02.01"]
[Round "7.16"]
[White "Dutt Dakshesh"]
[Black "Pungo, Honorato"]
[Result "0-1"]
[WhiteElo "1549"]
[BlackElo "1550"]
[Annotator "NA RC"]
[PlyCount "162"]
[EventDate "2021.02.01"]
[EventType "swiss"]
[EventCountry "NET"]
[SourceTitle "playchess.com"]
[Source "ChessBase"]
[SourceQuality "1"]
[TimeControl "1500+10"]

1. d4 {[%emt 0:00:00]} d5 {[%emt 0:00:03]} 2. Bf4 {[%emt 0:00:07]} e6 {[%emt 0:00:02]} 3. e3 {[%emt 0:00:10]} Nf6 {[%emt 0:00:03]} 4. Bd3 {[%emt 0:00:22]} Nbd7 {[%emt 0:00:08]} 5. Nf3 {[%emt 0:00:33]} c5 {[%emt 0:00:13]} 6. c3 {[%emt 0:00:04]} c4 {[%emt 0:00:03]} 7. Bc2 {[%emt 0:00:10]} b5 {[%emt 0:00:06]} 8. Nbd2 {[%emt 0:00:32]} Be7 {[%emt 0:00:05]} 9. O-O {[%emt 0:00:25]} O-O {[%emt 0:00:04]} 10. Ne5 {[%emt 0:00:12]} Nxe5 {[%emt 0:00:07]} 11. Bxe5 {[%emt 0:00:36]} Nd7 {[%emt 0:00:09]} 12. Bg3 {[%emt 0:00:12]} a5 {[%emt 0:00:14]} 13. b3 {[%emt 0:00:18]} Nb6 {[%emt 0:00:10]} 14. Nf3 {[%emt 0:00:38]} Ba6 {[%emt 0:00:41]} 15. Ne5 {[%emt 0:00:23]} Rc8 {[%emt 0:00:06]} 16. Qd2 {[%emt 0:00:25]} cxb3 {[%emt 0:01:39]} 17. axb3 {[%emt 0:00:31]} b4 {[%emt 0:00:04]} 18. c4 {[%emt 0:01:30]} dxc4 {[%emt 0:00:20]} 19. bxc4 {[%emt 0:00:09]} Nxc4 {[%emt 0:00:11]} 20. Nxc4 {[%emt 0:00:11]} Bxc4 {[%emt 0:00:32]} 21. Rfc1 {[%emt 0:00:49]} b3 {[%emt 0:01:43]} 22. Bd1 {[%emt 0:00:31]} Bb4 {[%emt 0:00:28]} 23. Qb2 {[%emt 0:00:31]} Qd5 {[%emt 0:00:47]} 24. Bf3 {[%emt 0:00:34]} Qb5 {[%emt 0:00:05]} 25. Bd1 {[%emt 0:00:08]} a4 {[%emt 0:00:04]} 26. Rab1 {[%emt 0:01:13]} a3 {[%emt 0:00:19]} 27. Qa1 {[%emt 0:00:02]} b2 {[%emt 0:00:43]} 28. Rxb2 {[%emt 0:00:02]} axb2 {[%emt 0:00:02]} 29. Qxb2 {[%emt 0:00:03]} Be7 {[%emt 0:00:21]} 30. Qd2 {[%emt 0:00:21]} Bb4 {[%emt 0:01:32]} 31. Qb2 {[%emt 0:00:07]} Ra8 {[%emt 0:00:47]} 32. Rb1 {[%emt 0:00:22]} Bd3 {[%emt 0:00:55]} 33. Bc2 {[%emt 0:00:51]} Bxc2 {[%emt 0:00:11]} 34. Qxc2 {[%emt 0:00:06]} Qa4 {[%emt 0:00:18]} 35. Qb2 {[%emt 0:00:56]} Be7 {[%emt 0:00:22]} 36. Qe2 {[%emt 0:00:13]} Qa2 {[%emt 0:00:09]} 37. Qd1 {[%emt 0:00:25]} Rac8 {[%emt 0:00:18]} 38. h3 {[%emt 0:00:18]} Qc2 {[%emt 0:00:29]} 39. Qe1 {[%emt 0:00:30]} h5 {[%emt 0:00:15]} 40. Rd1 {[%emt 0:01:15]} h4 {[%emt 0:00:08]} 41. Bh2 {[%emt 0:00:34]} Ba3 {[%emt 0:00:19]} 42. g3 {[%emt 0:00:17]} Qxd1 {[%emt 0:00:20]} 43. Qxd1 {[%emt 0:00:09]} Rc1 {[%emt 0:00:05]} 44. Qxc1 {[%emt 0:00:02]} Bxc1 {[%emt 0:00:07]} 45. gxh4 {[%emt 0:00:02]} f6 {[%emt 0:00:09]} 46. Kg2 {[%emt 0:00:11]} Kf7 {[%emt 0:00:04]} 47. Kf3 {[%emt 0:00:02]} Rh8 {[%emt 0:00:05]} 48. Bg3 {[%emt 0:00:03]} Ba3 {[%emt 0:00:07]} 49. Kg4 {[%emt 0:00:06]} f5+ {[%emt 0:00:04]} 50. Kf4 {[%emt 0:00:07]} Bd6+ {[%emt 0:00:05]} 51. Kf3 {[%emt 0:00:03]} Bxg3 {[%emt 0:00:06]} 52. fxg3 {[%emt 0:00:13]} Kf6 {[%emt 0:00:05]} 53. Kf4 {[%emt 0:00:03]} Ra8 {[%emt 0:00:07]} 54. g4 {[%emt 0:00:05]} Ra1 {[%emt 0:00:08]} 55. g5+ {[%emt 0:00:11]} Ke7 {[%emt 0:00:06]} 56. h5 {[%emt 0:00:07]} Rb1 {[%emt 0:00:28]} 57. h6 {[%emt 0:00:18]} gxh6 {[%emt 0:00:04]} 58. gxh6 {[%emt 0:00:03]} Kf6 {[%emt 0:00:19]} 59. h4 {[%emt 0:00:08]} Rb7 {[%emt 0:00:12]} 60. e4 {[%emt 0:00:09]} fxe4 {[%emt 0:00:10]} 61. Kxe4 {[%emt 0:00:03]} Rh7 {[%emt 0:00:03]} 62. Kf4 {[%emt 0:00:03]} Rxh6 {[%emt 0:00:02]} 63. Kg4 {[%emt 0:00:02]} Rh8 {[%emt 0:00:06]} 64. Kf4 {[%emt 0:00:04]} Rxh4+ {[%emt 0:00:04]} 65. Ke3 {[%emt 0:00:03]} Kf5 {[%emt 0:00:04]} 66. Kd3 {[%emt 0:00:04]} Rh3+ {[%emt 0:00:02]} 67. Kc4 {[%emt 0:00:02]} Ke4 {[%emt 0:00:02]} 68. Kc5 {[%emt 0:00:07]} Rc3+ {[%emt 0:00:08]} 69. Kd6 {[%emt 0:00:04]} Kxd4 {[%emt 0:00:05]} 70. Kxe6 {[%emt 0:00:03]} Rc5 {[%emt 0:00:03]} 71. Kd6 {[%emt 0:00:02]} Rd5+ {[%emt 0:00:05]} 72. Ke6 {[%emt 0:00:03]} Ke4 {[%emt 0:00:03]} 73. Kf6 {[%emt 0:00:03]} Re5 {[%emt 0:00:01]} 74. Kg6 {[%emt 0:00:02]} Kf4 {[%emt 0:00:02]} 75. Kf6 {[%emt 0:00:03]} Ke4 {[%emt 0:00:02]} 76. Kg6 {[%emt 0:00:02]} Rf5 {[%emt 0:00:02]} 77. Kg7 {[%emt 0:00:05]} Ke5 {[%emt 0:00:01]} 78. Kg6 {[%emt 0:00:02]} Ke6 {[%emt 0:00:02]} 79. Kg7 {[%emt 0:00:04]} Rf6 {[%emt 0:00:02]} 80. Kh7 {[%emt 0:00:05]} Kf7 {[%emt 0:00:06]} 81. Kh8 {[%emt 0:00:03]} Rh6# {[%emt 0:00:03]} 0-1

[Event "African Online-ch U20-Open 2021"]
[Site "Online"]
[Date "2021.02.01"]
[Round "7.17"]
[White "Mcligeyo, Robert"]
[Black "Karania, Hardiv"]
[Result "1-0"]
[WhiteElo "1688"]
[BlackElo "1317"]
[Annotator "NA RC"]
[PlyCount "75"]
[EventDate "2021.02.01"]
[EventType "swiss"]
[EventCountry "NET"]
[SourceTitle "playchess.com"]
[Source "ChessBase"]
[SourceQuality "1"]
[TimeControl "1500+10"]

1. e4 {[%emt 0:00:00]} e5 {[%emt 0:00:08]} 2. Nf3 {[%emt 0:00:04]} d6 {[%emt 0:00:24]} 3. d4 {[%emt 0:00:06]} Nd7 {[%emt 0:00:14]} 4. Bc4 {[%emt 0:00:04]} h6 {[%emt 0:00:07]} 5. Nc3 {[%emt 0:00:06]} Ngf6 {[%emt 0:00:07]} 6. Be3 {[%emt 0:00:03]} Be7 {[%emt 0:00:05]} 7. O-O {[%emt 0:00:05]} O-O {[%emt 0:00:32]} 8. Qd2 {[%emt 0:00:04]} a6 {[%emt 0:00:48]} 9. a4 {[%emt 0:00:09]} c6 {[%emt 0:00:20]} 10. Rfe1 {[%emt 0:00:17]} Ng4 {[%emt 0:00:54]} 11. h3 {[%emt 0:00:30]} Nxe3 {[%emt 0:00:04]} 12. Qxe3 {[%emt 0:00:03]} b5 {[%emt 0:00:09]} 13. axb5 {[%emt 0:00:04]} cxb5 {[%emt 0:00:44]} 14. Bxb5 {[%emt 0:00:05]} Bb7 {[%emt 0:00:58]} 15. Bc4 {[%emt 0:00:10]} Qc7 {[%emt 0:00:42]} 16. Bb3 {[%emt 0:00:03]} Nb6 {[%emt 0:00:58]} 17. Qe2 {[%emt 0:00:34]} Rac8 {[%emt 0:00:31]} 18. Rad1 {[%emt 0:00:07]} Kh8 {[%emt 0:00:49]} 19. dxe5 {[%emt 0:01:00]} dxe5 {[%emt 0:00:11]} 20. Nd5 {[%emt 0:00:03]} Nxd5 {[%emt 0:00:15]} 21. exd5 {[%emt 0:00:03]} Bd6 {[%emt 0:00:29]} 22. Nxe5 {[%emt 0:00:58]} Rce8 {[%emt 0:00:24]} 23. f4 {[%emt 0:00:05]} f6 {[%emt 0:00:06]} 24. Ng6+ {[%emt 0:00:09]} Kg8 {[%emt 0:00:06]} 25. Qg4 {[%emt 0:00:28]} Rxe1+ {[%emt 0:02:28]} 26. Rxe1 {[%emt 0:00:05]} Rd8 {[%emt 0:00:38]} 27. Kh1 {[%emt 0:00:33]} Bc8 {[%emt 0:00:15]} 28. Qf3 {[%emt 0:00:19]} Bf5 {[%emt 0:00:23]} 29. Nh4 {[%emt 0:00:09]} Bxc2 {[%emt 0:00:09]} 30. Rc1 {[%emt 0:04:03]} Qa5 {[%emt 0:10:43]} 31. Bxc2 {[%emt 0:00:26]} Qd2 {[%emt 0:00:09]} 32. Qd1 {[%emt 0:00:12]} Qxf4 {[%emt 0:00:17]} 33. Nf3 {[%emt 0:00:03]} Re8 {[%emt 0:01:58]} 34. Qd2 {[%emt 0:00:17]} Qg3 {[%emt 0:00:59]} 35. Re1 {[%emt 0:00:25]} Rb8 {[%emt 0:00:33]} 36. Qe2 {[%emt 0:02:06]} Kf8 {[%emt 0:01:49]} 37. Bh7 {[%emt 0:00:40]} Bb4 {[%emt 0:00:15]} 38. Qe6 {[%emt 0:02:42]} 1-0